[Event "DVM U12 2023"]
[Site "Magdeburg GER"]
[Date "2023.12.29"]
[Round "5"]
[White "Löffelholz, Simon"]
[Black "Uhlig, Silas"]
[Result "0-1"]
[Termination "normal"]
[Board "6.3"]
[WhiteElo "1271"]
[BlackElo "1443"]
[WhiteClock "00:53:12"]
[BlackClock "01:03:10"]
[WhiteTeam "1. Eichsfelder SC"]
[BlackTeam "USG Chemnitz"]
[PlyCount "80"]
[WhiteFideId "34623620"]
[BlackFideId "34651837"]
[EventCountry "GER"]
[EventRounds "7"]
[EventType "team-swiss"]
[EventDate "2023.12.26"]

1. d4 {[%clk 01:30:59]} d5 {[%clk 01:30:54]} {[%emt 00:00:07]} 2. Bf4 {[%clk
01:31:20]} {[%emt 00:00:09]} Bf5 {[%clk 01:30:52]} {[%emt 00:00:32]} 3. e3
{[%clk 01:31:39]} {[%emt 00:00:11]} e6 {[%clk 01:31:04]} {[%emt 00:00:18]} 4.
Nf3 {[%clk 01:31:55]} {[%emt 00:00:14]} Nf6 {[%clk 01:31:24]} {[%emt 00:00:10]}
5. Bd3 {[%clk 01:32:08]} {[%emt 00:00:17]} Bg6 {[%clk 01:31:46]} {[%emt
00:00:08]} 6. Nbd2 {[%clk 01:32:14]} {[%emt 00:00:24]} Bd6 {[%clk 01:32:03]}
{[%emt 00:00:13]} 7. Bg3 {[%clk 01:32:30]} {[%emt 00:00:14]} O-O {[%clk
01:31:55]} {[%emt 00:00:38]} 8. Bxg6 {[%clk 01:32:44]} {[%emt 00:00:16]} fxg6
{[%clk 01:32:16]} {[%emt 00:00:10]} 9. Qe2 {[%clk 01:32:42]} {[%emt 00:00:32]}
Nc6 {[%clk 01:32:15]} {[%emt 00:00:31]} 10. O-O-O {[%clk 01:30:44]} {[%emt
00:02:27]} a5 {[%clk 01:32:13]} {[%emt 00:00:33]} 11. e4 {[%clk 01:28:51]}
{[%emt 00:02:22]} dxe4 {[%clk 01:30:52]} {[%emt 00:01:52]} 12. Nxe4 {[%clk
01:26:34]} {[%emt 00:02:46]} Bxg3 {[%clk 01:30:18]} {[%emt 00:01:04]} 13. hxg3
{[%clk 01:23:30]} {[%emt 00:03:35]} Qd5 {[%clk 01:29:05]} {[%emt 00:01:43]} 14.
Nc3 {[%clk 01:19:23]} {[%emt 00:04:36]} Qf5 {[%clk 01:25:48]} {[%emt 00:03:41]}
15. Qd2 {[%clk 01:05:52]} {[%emt 00:14:06]} Nd5 {[%clk 01:18:42]} {[%emt
00:07:38]} 16. Nxd5 {[%clk 01:02:43]} {[%emt 00:03:38]} exd5 {[%clk 01:17:20]}
{[%emt 00:01:52]} 17. Qg5 {[%clk 01:01:44]} {[%emt 00:01:29]} Rae8 {[%clk
01:13:13]} {[%emt 00:04:37]} 18. Qxf5 {[%clk 01:01:07]} {[%emt 00:01:08]} Rxf5
{[%clk 01:12:48]} {[%emt 00:00:54]} 19. Rhe1 {[%clk 01:01:07]} {[%emt
00:00:28]} Rxe1 {[%clk 01:11:08]} {[%emt 00:02:12]} 20. Rxe1 {[%clk 01:01:08]}
{[%emt 00:00:29]} Kf7 {[%clk 01:09:03]} {[%emt 00:02:35]} 21. c3 {[%clk
01:00:01]} {[%emt 00:01:36]} b5 {[%clk 01:03:32]} {[%emt 00:06:02]} 22. Ne5+
{[%clk 00:58:16]} {[%emt 00:02:15]} Nxe5 {[%clk 01:03:41]} {[%emt 00:00:20]}
23. Rxe5 {[%clk 00:58:37]} {[%emt 00:00:09]} Rxe5 {[%clk 01:04:03]} {[%emt
00:00:08]} 24. dxe5 {[%clk 00:58:59]} {[%emt 00:00:08]} Ke6 {[%clk 01:04:21]}
{[%emt 00:00:12]} 25. f4 {[%clk 00:59:17]} {[%emt 00:00:11]} c5 {[%clk
01:03:55]} {[%emt 00:00:56]} 26. Kd2 {[%clk 00:59:31]} {[%emt 00:00:16]} h5
{[%clk 01:03:28]} {[%emt 00:00:58]} 27. Ke3 {[%clk 00:59:36]} {[%emt 00:00:23]}
Kf5 {[%clk 01:03:14]} {[%emt 00:00:45]} 28. Kd3 {[%clk 00:58:46]} {[%emt
00:01:21]} g5 {[%clk 01:02:54]} {[%emt 00:00:50]} 29. Ke3 {[%clk 00:58:44]}
{[%emt 00:00:32]} g6 {[%clk 01:02:05]} {[%emt 00:01:19]} 30. Kd3 {[%clk
00:54:58]} {[%emt 00:04:15]} gxf4 {[%clk 01:01:37]} {[%emt 00:00:58]} 31. gxf4
{[%clk 00:54:37]} {[%emt 00:00:52]} g5 {[%clk 01:01:15]} {[%emt 00:00:52]} 32.
g3 {[%clk 00:53:41]} {[%emt 00:01:26]} gxf4 {[%clk 01:01:34]} {[%emt 00:00:11]}
33. gxf4 {[%clk 00:54:00]} {[%emt 00:00:10]} h4 {[%clk 01:01:59]} {[%emt
00:00:05]} 34. Ke3 {[%clk 00:54:21]} {[%emt 00:00:09]} d4+ {[%clk 01:02:02]}
{[%emt 00:00:27]} 35. cxd4 {[%clk 00:52:40]} {[%emt 00:02:11]} cxd4+ {[%clk
01:02:18]} {[%emt 00:00:14]} 36. Kxd4 {[%clk 00:52:12]} {[%emt 00:00:58]} h3
{[%clk 01:02:37]} {[%emt 00:00:11]} 37. Kd5 {[%clk 00:52:29]} {[%emt 00:00:13]}
h2 {[%clk 01:02:59]} {[%emt 00:00:08]} 38. e6 {[%clk 00:52:56]} {[%emt
00:00:02]} h1=Q+ {[%emt 00:00:18]} 39. Kd6 {[%emt 00:00:10]} Qa8 {[%clk
01:02:46]} {[%emt 00:00:15]} 40. e7 {[%clk 00:53:12]} {[%emt 00:00:14]} Qe8
{[%clk 01:03:10]} {[%emt 00:00:06]} 0-1

[Event "DVM U12 2023"]
[Site "Magdeburg GER"]
[Date "2023.12.29"]
[Round "5"]
[White "Müller, Stefan"]
[Black "Löffelholz, Jonas"]
[Result "0-1"]
[Termination "normal"]
[Board "6.4"]
[WhiteElo "1313"]
[BlackElo "1201"]
[WhiteClock "00:54:02"]
[BlackClock "00:49:49"]
[WhiteTeam "USG Chemnitz"]
[BlackTeam "1. Eichsfelder SC"]
[PlyCount "96"]
[WhiteFideId "34667270"]
[BlackFideId "34616101"]
[EventCountry "GER"]
[EventRounds "7"]
[EventType "team-swiss"]
[EventDate "2023.12.26"]

1. e4 {[%clk 01:30:57]} {[%emt 00:00:03]} c5 {[%clk 01:30:48]} {[%emt
00:00:12]} 2. Nf3 {[%clk 01:31:08]} {[%emt 00:00:19]} d6 {[%clk 01:30:39]}
{[%emt 00:00:39]} 3. d4 {[%clk 01:30:31]} {[%emt 00:01:07]} cxd4 {[%clk
01:30:10]} {[%emt 00:00:58]} 4. Nxd4 {[%clk 01:30:44]} {[%emt 00:00:17]} Nf6
{[%clk 01:29:55]} {[%emt 00:00:46]} 5. Nc3 {[%clk 01:29:53]} {[%emt 00:01:21]}
a6 {[%clk 01:29:30]} {[%emt 00:00:55]} 6. Bg5 {[%clk 01:28:54]} {[%emt
00:01:29]} e5 {[%clk 01:25:18]} {[%emt 00:04:42]} 7. Nf3 {[%clk 01:27:52]}
{[%emt 00:01:31]} Be7 {[%clk 01:19:48]} {[%emt 00:06:00]} 8. Bc4 {[%clk
01:25:09]} {[%emt 00:03:12]} b5 {[%clk 01:16:54]} {[%emt 00:03:26]} 9. Bb3
{[%clk 01:22:44]} {[%emt 00:02:56]} Bb7 {[%clk 01:16:20]} {[%emt 00:01:03]} 10.
Bxf6 {[%clk 01:21:07]} {[%emt 00:02:08]} Bxf6 {[%clk 01:15:00]} {[%emt
00:01:50]} 11. O-O {[%clk 01:18:06]} {[%emt 00:03:30]} O-O {[%clk 01:15:11]}
{[%emt 00:00:23]} 12. Bd5 {[%clk 01:17:23]} {[%emt 00:01:10]} Bxd5 {[%clk
01:14:03]} {[%emt 00:01:36]} 13. Nxd5 {[%clk 01:17:02]} {[%emt 00:00:52]} Nd7
{[%clk 01:11:58]} {[%emt 00:02:35]} 14. b4 {[%clk 01:15:14]} {[%emt 00:02:18]}
Nb6 {[%clk 01:11:16]} {[%emt 00:01:12]} 15. Rc1 {[%clk 01:12:25]} {[%emt
00:03:19]} Nxd5 {[%clk 01:10:39]} {[%emt 00:01:05]} 16. Qxd5 {[%clk 01:12:29]}
{[%emt 00:00:25]} Bg5 {[%clk 01:10:39]} {[%emt 00:00:32]} 17. Nxg5 {[%clk
01:12:13]} {[%emt 00:00:47]} Qxg5 {[%clk 01:10:53]} {[%emt 00:00:16]} 18. Qxd6
{[%clk 01:12:06]} {[%emt 00:00:36]} Qf4 {[%clk 01:11:01]} {[%emt 00:00:21]} 19.
Qd3 {[%clk 01:10:39]} {[%emt 00:01:58]} Rad8 {[%clk 01:10:49]} {[%emt
00:00:42]} 20. Qe3 {[%clk 01:10:17]} {[%emt 00:00:52]} Rd4 {[%clk 01:09:02]}
{[%emt 00:02:18]} 21. Qxf4 {[%clk 01:08:50]} {[%emt 00:01:58]} exf4 {[%clk
01:09:13]} {[%emt 00:00:17]} 22. c3 {[%clk 01:08:07]} {[%emt 00:01:14]} Rxe4
{[%clk 01:09:08]} {[%emt 00:00:35]} 23. Rfe1 {[%clk 01:07:35]} {[%emt
00:01:03]} Rfe8 {[%clk 01:07:30]} {[%emt 00:02:07]} 24. Rxe4 {[%clk 01:07:20]}
{[%emt 00:00:45]} Rxe4 {[%clk 01:07:45]} {[%emt 00:00:15]} 25. Rd1 {[%clk
01:07:37]} {[%emt 00:00:14]} h6 {[%clk 01:07:53]} {[%emt 00:00:23]} 26. Kf1
{[%clk 01:07:25]} {[%emt 00:00:42]} g5 {[%clk 01:07:24]} {[%emt 00:00:58]} 27.
Rd6 {[%clk 01:06:42]} {[%emt 00:01:12]} Re6 {[%clk 01:07:26]} {[%emt 00:00:27]}
28. Rd3 {[%clk 01:03:11]} {[%emt 00:04:03]} Kg7 {[%clk 01:06:55]} {[%emt
00:00:59]} 29. f3 {[%clk 01:00:52]} {[%emt 00:02:52]} f5 {[%clk 01:06:59]}
{[%emt 00:00:25]} 30. Kf2 {[%clk 00:59:48]} {[%emt 00:01:35]} h5 {[%clk
01:06:12]} {[%emt 00:01:16]} 31. Rd5 {[%clk 00:58:19]} {[%emt 00:01:58]} Kg6
{[%clk 01:05:46]} {[%emt 00:00:56]} 32. Rd8 {[%clk 00:57:25]} {[%emt 00:01:25]}
Kf7 {[%clk 01:02:13]} {[%emt 00:04:03]} 33. Rh8 {[%clk 00:55:31]} {[%emt
00:02:25]} h4 {[%clk 01:02:29]} {[%emt 00:00:13]} 34. Ra8 {[%clk 00:55:41]}
{[%emt 00:00:20]} g4 {[%clk 00:57:47]} {[%emt 00:05:12]} 35. Rh8 {[%clk
00:55:02]} {[%emt 00:01:09]} g3+ {[%clk 00:55:18]} {[%emt 00:03:00]} 36. hxg3
{[%clk 00:55:18]} {[%emt 00:00:14]} hxg3+ {[%emt 00:01:16]} 37. Kf1 {[%clk
00:55:28]} {[%emt 00:00:16]} Re3 {[%clk 00:54:39]} {[%emt 00:00:27]} 38. Rh4
{[%clk 00:55:13]} {[%emt 00:00:44]} Rxc3 {[%clk 00:54:31]} {[%emt 00:00:37]}
39. Rxf4 {[%clk 00:55:23]} {[%emt 00:00:20]} Kg6 {[%clk 00:53:52]} {[%emt
00:01:11]} 40. Rd4 {[%clk 00:55:12]} {[%emt 00:00:40]} Rc1+ {[%clk 00:54:02]}
{[%emt 00:00:20]} 41. Ke2 {[%clk 00:55:05]} {[%emt 00:00:38]} Rg1 {[%clk
00:53:19]} {[%emt 00:01:14]} 42. Rd6+ {[%clk 00:54:54]} {[%emt 00:00:41]} Kg5
{[%clk 00:53:28]} {[%emt 00:00:14]} 43. Rxa6 {[%clk 00:54:56]} {[%emt
00:00:33]} Rxg2+ {[%clk 00:53:54]} {[%emt 00:00:06]} 44. Kf1 {[%clk 00:55:16]}
{[%emt 00:00:10]} Rf2+ {[%clk 00:52:12]} {[%emt 00:02:11]} 45. Kg1 {[%clk
00:55:08]} {[%emt 00:00:39]} Rxf3 {[%clk 00:51:37]} {[%emt 00:01:05]} 46. Kg2
{[%clk 00:54:53]} {[%emt 00:00:45]} Kf4 {[%clk 00:50:39]} {[%emt 00:01:27]} 47.
Rg6 {[%clk 00:54:55]} {[%emt 00:00:28]} Rf2+ {[%clk 00:49:49]} {[%emt
00:01:20]} 48. Kh3 {[%clk 00:54:02]} {[%emt 00:01:23]} Rh2+ {[%emt 00:00:31]}
0-1

[Event "DVM U12 2023"]
[Site "Magdeburg GER"]
[Date "2023.12.29"]
[Round "5"]
[White "Gersemann, Karl"]
[Black "Wartenberg, Alexander"]
[Result "1-0"]
[Termination "normal"]
[Board "7.1"]
[WhiteElo "1520"]
[BlackElo "1695"]
[WhiteClock "00:45:08"]
[BlackClock "00:08:59"]
[WhiteTeam "TSG Oberschöneweide"]
[BlackTeam "Hamburger SK 1830"]
[PlyCount "95"]
[WhiteFideId "34602186"]
[BlackFideId "16280768"]
[EventCountry "GER"]
[EventRounds "7"]
[EventType "team-swiss"]
[EventDate "2023.12.26"]

1. e4 {[%clk 01:30:55]} {[%emt 00:00:03]} e5 {[%clk 01:30:56]} {[%emt
00:00:05]} 2. Nf3 {[%clk 01:31:21]} {[%emt 00:00:05]} Nf6 {[%clk 01:31:21]}
{[%emt 00:00:05]} 3. Nxe5 {[%clk 01:31:44]} {[%emt 00:00:07]} d6 {[%clk
01:31:46]} {[%emt 00:00:05]} 4. Nf3 {[%clk 01:32:05]} {[%emt 00:00:08]} Nxe4
{[%clk 01:32:12]} {[%emt 00:00:05]} 5. Nc3 {[%clk 01:32:28]} {[%emt 00:00:07]}
Nf6 {[%clk 01:32:31]} {[%emt 00:00:11]} 6. d4 {[%clk 01:32:50]} {[%emt
00:00:07]} d5 {[%clk 01:32:49]} {[%emt 00:00:12]} 7. Bd3 {[%clk 01:32:26]}
{[%emt 00:00:54]} Bd6 {[%clk 01:31:56]} {[%emt 00:01:24]} 8. h3 {[%clk
01:31:52]} {[%emt 00:01:03]} h6 {[%clk 01:32:00]} {[%emt 00:00:26]} 9. O-O
{[%clk 01:32:12]} {[%emt 00:00:10]} O-O {[%clk 01:32:22]} {[%emt 00:00:08]} 10.
Re1 {[%clk 01:31:57]} {[%emt 00:00:44]} Nc6 {[%clk 01:30:50]} {[%emt 00:02:02]}
11. a3 {[%clk 01:30:35]} {[%emt 00:01:52]} a6 {[%clk 01:30:17]} {[%emt
00:01:03]} 12. Bd2 {[%clk 01:29:44]} {[%emt 00:01:21]} Be6 {[%clk 01:27:51]}
{[%emt 00:02:55]} 13. Qc1 {[%clk 01:28:12]} {[%emt 00:02:03]} Re8 {[%clk
01:27:27]} {[%emt 00:00:55]} 14. Bf4 {[%clk 01:27:31]} {[%emt 00:01:10]} Bf8
{[%clk 01:17:44]} {[%emt 00:10:12]} 15. b3 {[%clk 01:25:26]} {[%emt 00:02:36]}
Qd7 {[%clk 01:11:10]} {[%emt 00:07:04]} 16. Ne5 {[%clk 01:23:22]} {[%emt
00:02:33]} Nxe5 {[%clk 01:10:29]} {[%emt 00:01:12]} 17. Bxe5 {[%clk 01:23:39]}
{[%emt 00:00:13]} Qc6 {[%clk 01:01:57]} {[%emt 00:09:03]} 18. Ne2 {[%clk
01:20:53]} {[%emt 00:03:11]} Nd7 {[%clk 01:02:05]} {[%emt 00:00:27]} 19. Bg3
{[%clk 01:21:09]} {[%emt 00:00:13]} Bd6 {[%clk 00:55:53]} {[%emt 00:06:42]} 20.
Bxd6 {[%clk 01:19:16]} {[%emt 00:02:24]} Qxd6 {[%clk 00:56:06]} {[%emt
00:00:18]} 21. c4 {[%clk 01:18:17]} {[%emt 00:01:28]} c6 {[%clk 00:54:31]}
{[%emt 00:02:06]} 22. Qc2 {[%clk 01:17:37]} {[%emt 00:01:09]} Nf6 {[%clk
00:54:25]} {[%emt 00:00:36]} 23. a4 {[%clk 01:15:00]} {[%emt 00:03:07]} Rac8
{[%clk 00:53:03]} {[%emt 00:01:51]} 24. c5 {[%clk 01:13:54]} {[%emt 00:01:37]}
Qd8 {[%clk 00:51:56]} {[%emt 00:01:37]} 25. b4 {[%clk 01:13:01]} {[%emt
00:01:23]} Bd7 {[%clk 00:47:17]} {[%emt 00:05:09]} 26. Nc3 {[%clk 01:11:44]}
{[%emt 00:01:47]} Qc7 {[%clk 00:46:23]} {[%emt 00:01:25]} 27. Qd2 {[%clk
01:10:25]} {[%emt 00:01:48]} Nh7 {[%clk 00:42:19]} {[%emt 00:04:33]} 28. Rxe8+
{[%clk 01:07:32]} {[%emt 00:03:24]} Rxe8 {[%clk 00:42:32]} {[%emt 00:00:17]}
29. b5 {[%clk 01:07:20]} {[%emt 00:00:43]} axb5 {[%clk 00:42:00]} {[%emt
00:01:02]} 30. axb5 {[%clk 01:07:44]} {[%emt 00:00:06]} b6 {[%clk 00:27:39]}
{[%emt 00:14:51]} 31. cxb6 {[%clk 01:00:10]} {[%emt 00:08:04]} Qxb6 {[%clk
00:27:48]} {[%emt 00:00:20]} 32. Na4 {[%clk 01:00:24]} {[%emt 00:00:16]} Qb8
{[%clk 00:26:12]} {[%emt 00:02:06]} 33. b6 {[%clk 01:00:07]} {[%emt 00:00:47]}
Nf8 {[%clk 00:25:03]} {[%emt 00:01:39]} 34. Qb4 {[%clk 00:58:57]} {[%emt
00:01:39]} Ne6 {[%clk 00:22:34]} {[%emt 00:02:59]} 35. Nc5 {[%clk 00:57:06]}
{[%emt 00:02:22]} Nxc5 {[%clk 00:18:31]} {[%emt 00:04:33]} 36. dxc5 {[%clk
00:55:13]} {[%emt 00:02:22]} Bc8 {[%clk 00:15:00]} {[%emt 00:04:00]} 37. Ra7
{[%clk 00:50:14]} {[%emt 00:05:29]} Bb7 {[%clk 00:14:58]} {[%emt 00:00:32]} 38.
g3 {[%clk 00:48:20]} {[%emt 00:02:24]} Qc8 {[%clk 00:12:30]} {[%emt 00:02:58]}
39. Qg4 {[%clk 00:45:49]} {[%emt 00:03:01]} Qxg4 {[%clk 00:11:34]} {[%emt
00:01:27]} 40. hxg4 {[%clk 00:46:06]} {[%emt 00:00:13]} Rb8 {[%clk 00:11:59]}
{[%emt 00:00:05]} 41. Ba6 {[%clk 00:44:41]} {[%emt 00:01:54]} Bxa6 {[%clk
00:11:27]} {[%emt 00:01:01]} 42. Rxa6 {[%clk 00:45:02]} {[%emt 00:00:09]} Kf8
{[%clk 00:11:21]} {[%emt 00:00:37]} 43. Ra7 {[%clk 00:45:19]} {[%emt 00:00:12]}
Ke8 {[%clk 00:08:41]} {[%emt 00:03:11]} 44. Rc7 {[%clk 00:45:13]} {[%emt
00:00:36]} d4 {[%clk 00:08:52]} {[%emt 00:00:19]} 45. Rxc6 {[%clk 00:45:18]}
{[%emt 00:00:25]} d3 {[%clk 00:08:11]} {[%emt 00:01:11]} 46. Rd6 {[%clk
00:44:44]} {[%emt 00:01:04]} Rd8 {[%clk 00:08:33]} {[%emt 00:00:08]} 47. Rxd8+
{[%clk 00:44:43]} {[%emt 00:00:32]} Kxd8 {[%clk 00:08:59]} {[%emt 00:00:03]}
48. Kf1 {[%clk 00:45:08]} {[%emt 00:00:06]} 1-0

[Event "DVM U12 2023"]
[Site "Magdeburg GER"]
[Date "2023.12.29"]
[Round "5"]
[White "Wang, Kaiwen"]
[Black "Nguyen, Bach Khoi"]
[Result "0-1"]
[Termination "normal"]
[Board "7.2"]
[WhiteElo "1446"]
[BlackElo "1262"]
[WhiteClock "00:55:08"]
[BlackClock "00:14:43"]
[WhiteTeam "Hamburger SK 1830"]
[BlackTeam "TSG Oberschöneweide"]
[PlyCount "92"]
[WhiteFideId "16279514"]
[BlackFideId "34600256"]
[EventCountry "GER"]
[EventRounds "7"]
[EventType "team-swiss"]
[EventDate "2023.12.26"]

1. e4 {[%clk 01:30:57]} {[%emt 00:00:03]} e5 {[%clk 01:30:53]} {[%emt
00:00:06]} 2. Nf3 {[%clk 01:31:23]} {[%emt 00:00:04]} Nc6 {[%clk 01:31:13]}
{[%emt 00:00:10]} 3. Nc3 {[%clk 01:31:44]} {[%emt 00:00:08]} Nf6 {[%clk
01:31:34]} {[%emt 00:00:10]} 4. d4 {[%clk 01:32:09]} {[%emt 00:00:05]} exd4
{[%clk 01:31:39]} {[%emt 00:00:26]} 5. Nxd4 {[%clk 01:32:32]} {[%emt 00:00:07]}
Bb4 {[%clk 01:31:55]} {[%emt 00:00:12]} 6. Nxc6 {[%clk 01:32:35]} {[%emt
00:00:26]} bxc6 {[%clk 01:32:18]} {[%emt 00:00:07]} 7. Bd3 {[%clk 01:32:48]}
{[%emt 00:00:17]} d5 {[%clk 01:32:17]} {[%emt 00:00:32]} 8. exd5 {[%clk
01:32:42]} {[%emt 00:00:37]} O-O {[%clk 01:31:58]} {[%emt 00:00:48]} 9. O-O
{[%clk 01:32:09]} {[%emt 00:01:02]} cxd5 {[%clk 01:30:13]} {[%emt 00:02:16]}
10. Bg5 {[%clk 01:31:39]} {[%emt 00:00:58]} c6 {[%clk 01:26:18]} {[%emt
00:04:27]} 11. Qf3 {[%clk 01:31:29]} {[%emt 00:00:40]} Be7 {[%clk 01:25:11]}
{[%emt 00:01:37]} 12. h3 {[%clk 01:31:08]} {[%emt 00:00:52]} h6 {[%clk
01:23:34]} {[%emt 00:02:07]} 13. Bh4 {[%clk 01:29:52]} {[%emt 00:01:46]} Be6
{[%clk 01:22:46]} {[%emt 00:01:18]} 14. Rfe1 {[%clk 01:29:00]} {[%emt
00:01:22]} Rb8 {[%clk 01:21:08]} {[%emt 00:02:07]} 15. Rab1 {[%clk 01:28:18]}
{[%emt 00:01:12]} Qd7 {[%clk 01:17:10]} {[%emt 00:04:28]} 16. Bg3 {[%clk
01:25:59]} {[%emt 00:02:50]} Rb7 {[%clk 01:09:58]} {[%emt 00:07:41]} 17. Ne2
{[%clk 01:22:26]} {[%emt 00:04:04]} c5 {[%clk 01:06:34]} {[%emt 00:03:53]} 18.
Nf4 {[%clk 01:21:02]} {[%emt 00:01:54]} c4 {[%clk 01:02:45]} {[%emt 00:04:19]}
19. Nxe6 {[%clk 01:20:08]} {[%emt 00:01:25]} fxe6 {[%clk 01:02:58]} {[%emt
00:00:17]} 20. Bg6 {[%clk 01:16:41]} {[%emt 00:03:57]} Bc5 {[%clk 01:00:02]}
{[%emt 00:03:24]} 21. Qe2 {[%clk 01:15:13]} {[%emt 00:02:00]} Rb6 {[%clk
00:57:01]} {[%emt 00:03:30]} 22. b3 {[%clk 01:13:42]} {[%emt 00:02:01]} cxb3
{[%clk 00:52:31]} {[%emt 00:05:00]} 23. cxb3 {[%clk 01:12:50]} {[%emt
00:01:22]} Bb4 {[%clk 00:49:45]} {[%emt 00:03:16]} 24. Rec1 {[%clk 01:11:49]}
{[%emt 00:01:31]} Rc6 {[%clk 00:49:34]} {[%emt 00:00:41]} 25. Rxc6 {[%clk
01:09:25]} {[%emt 00:02:53]} Qxc6 {[%clk 00:49:51]} {[%emt 00:00:14]} 26. Be5
{[%clk 01:08:18]} {[%emt 00:01:37]} Nd7 {[%clk 00:42:44]} {[%emt 00:07:37]} 27.
Bd4 {[%clk 01:07:31]} {[%emt 00:01:18]} e5 {[%clk 00:40:18]} {[%emt 00:02:55]}
28. Bc2 {[%clk 01:04:36]} {[%emt 00:03:24]} exd4 {[%clk 00:40:28]} {[%emt
00:00:21]} 29. Rc1 {[%clk 01:04:24]} {[%emt 00:00:40]} Qf6 {[%clk 00:40:00]}
{[%emt 00:00:59]} 30. Rf1 {[%clk 01:04:22]} {[%emt 00:00:32]} Ne5 {[%clk
00:38:29]} {[%emt 00:02:02]} 31. Qb5 {[%clk 01:01:22]} {[%emt 00:03:29]} Qd6
{[%clk 00:35:55]} {[%emt 00:03:04]} 32. Qb7 {[%clk 01:00:28]} {[%emt 00:01:24]}
Bc5 {[%clk 00:34:24]} {[%emt 00:02:02]} 33. b4 {[%clk 00:58:54]} {[%emt
00:02:03]} Bb6 {[%clk 00:28:21]} {[%emt 00:06:34]} 34. Bb3 {[%clk 00:58:29]}
{[%emt 00:00:56]} Rd8 {[%clk 00:27:25]} {[%emt 00:01:24]} 35. Re1 {[%clk
00:57:44]} {[%emt 00:01:16]} d3 {[%clk 00:25:02]} {[%emt 00:02:53]} 36. Rd1
{[%clk 00:56:12]} {[%emt 00:02:01]} Qxb4 {[%clk 00:20:56]} {[%emt 00:04:35]}
37. Bxd5+ {[%clk 00:55:17]} {[%emt 00:01:26]} Kh8 {[%clk 00:20:14]} {[%emt
00:01:11]} 38. Bf3 {[%clk 00:55:19]} {[%emt 00:00:29]} Rf8 {[%clk 00:16:30]}
{[%emt 00:04:13]} 39. Qd5 {[%clk 00:54:02]} {[%emt 00:01:47]} Nxf3+ {[%clk
00:15:12]} {[%emt 00:01:49]} 40. gxf3 {[%clk 00:54:24]} {[%emt 00:00:08]} Rd8
{[%clk 00:15:10]} {[%emt 00:00:32]} 41. Qf5 {[%clk 00:54:35]} {[%emt 00:00:19]}
Qd4 {[%clk 00:14:49]} {[%emt 00:00:51]} 42. Rd2 {[%clk 00:54:46]} {[%emt
00:00:19]} Qxf2+ {[%clk 00:13:28]} {[%emt 00:01:52]} 43. Rxf2 {[%clk 00:54:49]}
{[%emt 00:00:27]} Bxf2+ {[%clk 00:13:53]} {[%emt 00:00:05]} 44. Kxf2 {[%clk
00:55:07]} {[%emt 00:00:11]} d2 {[%clk 00:14:20]} {[%emt 00:00:04]} 45. Qc2
{[%clk 00:54:43]} {[%emt 00:00:53]} d1=Q {[%clk 00:14:43]} {[%emt 00:00:06]}
46. Qxd1 {[%clk 00:55:08]} {[%emt 00:00:06]} Rxd1 {[%emt 00:00:18]} 0-1